[Event "Budapest FS02 FM"]
[Site "Budapest"]
[Date "2018.02.13"]
[Round "9"]
[White "Ali, Rasheed Mohmmed Ami"]
[Black "Chubakov, Sultan"]
[Result "1/2-1/2"]
[WhiteElo "1918"]
[BlackElo "1893"]
[PlyCount "39"]
[EventDate "2018.02.03"]
[EventType "tourn"]
[EventRounds "9"]
[EventCountry "HUN"]
[SourceTitle "CBM 182 Extra"]
[Source "ChessBase"]
[SourceDate "2018.02.23"]
[SourceVersion "1"]
[SourceVersionDate "2018.02.23"]
[SourceQuality "1"]

1. d4 d5 2. c4 e6 3. Nc3 Nf6 4. Nf3 Be7 5. cxd5 exd5 6. e3 0-0 7. Bd3 Nbd7 8. 0-0 c6 9. a3 Re8 10. Re1 h6 11. h3 Nf8 12. Ne5 N8d7 13. f4 b5 14. b4 Nf8 15. Nf3 N8d7 16. Ne5 Nf8 17. Nf3 N8d7 18. Ne5 Nf8 19. Nf3 N8d7 20. Ne5 1/2-1/2

[Event "Sulaymaniyah-ch"]
[Site "Sulaymaniyah"]
[Date "2013.09.29"]
[Round "7.1"]
[White "Sarkawat, Hamad Mohammed"]
[Black "Ali, Rasheed Mohmmed Ami"]
[Result "0-1"]
[WhiteElo "1861"]
[BlackElo "1867"]
[PlyCount "58"]
[EventDate "2013.09.25"]
[EventType "tourn"]
[EventRounds "9"]
[EventCountry "IRQ"]
[SourceTitle "EXT 2024"]
[Source "ChessBase"]
[SourceDate "2023.10.10"]
[SourceVersion "1"]
[SourceVersionDate "2023.10.10"]
[SourceQuality "1"]

1. d4 d5 2. c4 c6 3. Nc3 Nf6 4. Nf3 a6 5. Bf4 dxc4 6. a4 Nd5 7. Bxb8 Nxc3 8. bxc3 Rxb8 9. a5 b5 10. axb6 Qxb6 11. Nd2 Qc7 12. Nxc4 e6 13. e4 Be7 14. Bd3 0-0 15. 0-0 Rd8 16. Qf3 c5 17. dxc5 Bxc5 18. e5 Bd7 19. Nd6 Bc6 20. Qh3 g6 21. Rxa6 Bxd6 22. exd6 Rxd6 23. Qe3 Qd8 24. Be2 Rb2 25. Ra7 Rdd2 26. Bg4 Qf6 27. Rc7 Bb5 28. Rc8+ Kg7 29. Qc5 Qxf2+ 0-1

[Event "Sulaymaniyah-ch"]
[Site "Sulaymaniyah"]
[Date "2013.09.26"]
[Round "4.1"]
[White "Ali, Rasheed Mohmmed Ami"]
[Black "Sheida, Omar"]
[Result "1-0"]
[WhiteElo "1867"]
[BlackElo "2034"]
[PlyCount "89"]
[EventDate "2013.09.25"]
[EventType "tourn"]
[EventRounds "9"]
[EventCountry "IRQ"]
[SourceTitle "EXT 2024"]
[Source "ChessBase"]
[SourceDate "2023.10.10"]
[SourceVersion "1"]
[SourceVersionDate "2023.10.10"]
[SourceQuality "1"]

1. e4 d5 2. e5 c5 3. c3 Bf5 4. d4 e6 5. Bd3 Bxd3 6. Qxd3 Qb6 7. Ne2 Ne7 8. dxc5 Qxc5 9. Be3 Qc7 10. f4 Nf5 11. Bf2 Nd7 12. Nd2 Bc5 13. Nd4 Ne7 14. N2b3 a6 15. 0-0 0-0 16. Nxc5 Nxc5 17. Qh3 Ne4 18. Be3 Nc6 19. Rad1 b5 20. Nxe6 Qb7 21. Nxf8 Rxf8 22. Rxd5 Na5 23. Qd7 Qb8 24. e6 Nc4 25. exf7+ Kh8 26. Bd4 Ncd6 27. Rg5 Nf6 28. Bxf6 gxf6 29. Rg8+ Rxg8 30. fxg8Q+ Kxg8 31. Re1 Qb6+ 32. Kh1 Qf2 33. Rd1 Nf7 34. Qd2 Qh4 35. Qe3 Qh5 36. Rd4 Kg7 37. h3 Qf5 38. Qe4 Qc5 39. g4 h5 40. Qd5 Qe7 41. Re4 Qa7 42. Kg2 hxg4 43. hxg4 Qb8 44. Re7 Qg8 45. Kf3 1-0